Counties of the New York City Metropolitan Area - Statistics

General Stats
  • This quiz has been taken 465 times
  • The average score is 16 of 30
Answers on the Map
Answers color-coded by a green-red scale on the quiz's map according to % correct below.
 
Answer Stats
Answer % Correct
Queens
93%
Bronx
87%
New York
86%
Kings
82%
Nassau
72%
Suffolk
70%
Westchester
69%
Richmond
65%
Bergen
59%
Ocean
53%
Essex
52%
Hudson
52%
Orange
51%
New Haven
50%
Rockland
49%
Fairfield
47%
Passaic
47%
Putnam
44%
Sussex
44%
Union
44%
Middlesex
43%
Monmouth
41%
Dutchess
40%
Morris
39%
Mercer
36%
Ulster
36%
Somerset
34%
Hunterdon
33%
Litchfield
33%
Pike
25%
No matching quizzes found
Score Distribution
Percent of People with Each Score
Percentile by Number Answered
Your Score History
You have not taken this quiz